00845nam a22002417a 450000500170000001000130001702000260003003500130005603700160006904000120008508200130009710000320011024500750014226000470021727000460026430000230031050000510033365000210038465000280040594200220043399900190045595201290047420170124110217.0 aA-896369 c330.00a9788170189268 aA-896369 bCen Lib/Ret aDPLbEN a921bZIA aZiya-ul Hasan Faruqi929760 aMaulana Abdul Kalam Azad :cby Ziya-ul Hasan Faruqibtowards freedom / a DelhibB.R. publishing corporation c1997 b Delhia1, Ansari road, Daryaganje110002 axi,231p.c21cm(Hb) aIncludes bibliographical references and index  aBiography 97490 aPolitical leader939217 2ddccENh921mZIY c133901d133901 001040718REFaLbLd2015-07-28eCen Lib/Retg330.00l0o921 ZIApA-896369r2015-07-28 00:00:00t1v330.00w2015-07-28yEN